000 00885nam a2200253Ia 4500
003 OSt
005 20220923211217.0
006 a|||||r|||| 00| 0
007 ta
008 220922b |||||||| |||| 00| 0 hin d
020 _a9788126707225 (hbk)
_c200
024 _a245,263
037 _b377, 11/02/2011, Swaraj Prakashan
_cTextual
040 _aARTS
_cARTS
_bhin
041 _2hin
_ahin
082 _aO152,3NSHU,BS, P3
100 _aशुक्ल, श्रीलाल
_9156279
245 0 _aबिस्त्रामपुर का संत
246 _aBistrāmapur kā santa
260 _aनयी दिल्ली
_b राजकमल प्रकाशन
_c2003
300 _a207पृ.
_ccm.
942 _hO152,3NSHU,BS, P3
_cTEXL
_2CC
999 _c296946
_d296946